Official Language to Country - Statistics

General Stats
  • This quiz has been taken 17 times
  • The average score is 9 of 12
Answer Stats
Official Language Country % Correct
Pashto Afghanistan
100%
Bengali Bangladesh
100%
Kirundi Burundi
100%
Danish Denmark
100%
Fijian Fiji
100%
Persian Iran
100%
Kurdish Iraq
100%
Irish Ireland
100%
Kyrgyz Kyrgyzstan
100%
Lao Laos
100%
Malagasy Madagascar
100%
Maltese Malta
100%
Māori New Zealand
100%
Macedonian North Macedonia
100%
Urdu Pakistan
100%
Palauan Palau
100%
Tok Pisin Papua New Guinea
100%
Tagalog Philippines
100%
Afrikaans South Africa
100%
Turkmen Turkmenistan
100%
Catalan Andorra
86%
Hebrew Israel
86%
Sámi Norway
86%
Khmer Cambodia
75%
Comorian Comoros
75%
Marshallese Marshall Islands
75%
Zulu South Africa
75%
Czech Czechia
67%
Luxembourgish Luxembourg
67%
Chewa Malawi
67%
Guaraní Paraguay
67%
Sinhala Sri Lanka
67%
Tajik Tajikistan
67%
Tongan Tonga
67%
Tuvaluan Tuvalu
67%
Nauruan Nauru
60%
Romansh Switzerland
60%
Dari Afghanistan
50%
Dzongkha Bhutan
50%
Burmese Myanmar
50%
Xhosa South Africa
50%
Bambara Mali
43%
Tetum East Timor
40%
Gilbertese Kiribati
40%
Tsonga South Africa
40%
Hiri Motu Papua New Guinea
33%
Venda South Africa
33%
Bislama Vanuatu
25%
Afar Ethiopia
20%
Sango Central African Republic
0%
Oromo Ethiopia
0%
Polish Poland
0%
Shona Zimbabwe
0%
No matching quizzes found
Score Distribution
Percent of People with Each Score
Percentile by Number Answered
Your Score History
You have not taken this quiz